000 00637nam a2200229 a 4500
005 20191224041655.0
008 140307b1938 pe ||||| |||| 00| 0 eng d
041 _aeng
044 _ape
090 _aLB
_b02767
100 _aStandley, Paul C.
_918118
245 _aFlora of Costa Rica
_bMelastomaceae
_bField Museum of Natural History
_c1938
260 _aperú
_bs.e.
_c1938
300 _a1133 p.
650 _aFlora
_992293
650 _aPlantas
_992294
650 _aTaxonomía vegetal
_992262
650 _aClaves taxonómicas
_93514
650 _aIdentificación de especies
_94726
662 _aCosta Rica
942 _cImpreso
_2z
999 _c2996
_d2996